Spracovanie dát z verejne dostupných registrov právnických osôb a ich aplikácia do finančných inovácií

Gespeichert in:
Bibliographische Detailangaben
1. Verfasser: Grejták, Lukáš (Verfasst von)
Weitere Verfasser: Marko, Richard (Betreuung Doktorarbeit)
Format: Manuskript Buch
Sprache:Slowakisch
Veröffentlicht: 2025
Schlagworte:
Online-Zugang:http://is.stuba.sk/zp/portal_zp.pl?podrobnosti=183586
Tags: Tag hinzufügen
Keine Tags, Fügen Sie das erste Tag hinzu!

MARC

LEADER 00000ntm a22000003a 4500
001 stuzp105817
003 SK-STU
005 20250607211718.3
007 ta
008 150427s2015----xo-----f-mn---000-0-slo-d
040 |a STU  |b slo 
041 0 |a slo 
100 1 |a Grejták, Lukáš  |u 070400  |4 aut  |U FIIT Fakulta informatiky a informačných technológií  |T FIIT Ústav počítačového inžinierstva a aplikovanej informatiky  |X 110789  |U I400  |Y 672  |7 110789 
242 0 1 |a Data processing from publicly available registers of legal entities and their application in financial innovations  |y eng 
245 1 0 |a Spracovanie dát z verejne dostupných registrov právnických osôb a ich aplikácia do finančných inovácií 
260 |c 2025 
650 4 |a business registers  |2 eng 
650 4 |a graph database  |2 eng 
650 4 |a entity resolution  |2 eng 
650 4 |a grafová databáza  |2 slo 
650 4 |a obchodné registre  |2 slo 
650 4 |a rozpoznávanie entít  |2 slo 
700 1 |a Marko, Richard  |u 070400  |k Z2  |4 ths  |U FIIT Fakulta informatiky a informačných technológií  |T FIIT Ústav počítačového inžinierstva a aplikovanej informatiky  |X 116343  |U I400  |Y 672  |7 116343 
856 4 |u http://is.stuba.sk/zp/portal_zp.pl?podrobnosti=183586